1er Simpòsium Barcelona '76 : 3a edat : política humanitzada de l'ancianitat = 1er Simpósium Barcelona '76 : 3a edad : política humanizada de la ancianidad 3a edat :
Publicado:
Barcelona ; Secretaria Tècnica :
1976
Descripción Física:
[20] p. ; 22 cm
Materias:
Vellesa -- Congressos
MARC
| LEADER | 00000nam a2200000Ia 4500 | ||
|---|---|---|---|
| 001 | 19177 | ||
| 008 | 160829s1976 xx 000 0 cat d | ||
| 080 | |a FU-51-44 | ||
| 100 | |a Simpòsium de la Tercera Edat (1r : 1976 : Barcelona) |9 45260 | ||
| 245 | |a 1er Simpòsium Barcelona '76 : |b 3a edat : |b política humanitzada de l'ancianitat = 1er Simpósium Barcelona '76 : |b 3a edad : |b política humanizada de la ancianidad | ||
| 260 | |a Barcelona ; Secretaria Tècnica, |c 1976 | ||
| 300 | |a [20] p. ; |c 22 cm | ||
| 590 | |a Celebrat els dies 2-4 / 7 d'Octubre, al Palau de Congressos de Montjuïc. | ||
| 590 | |a Patrocinat per la Diputació de Barcelona, l'Ajuntament de Barcelona i la Federació Catalo-Balear de Caixes d'Estalvi. | ||
| 590 | |a Text en català i castellà | ||
| 650 | |a Vellesa |x Congressos |9 45261 | ||
| 901 | |a Arxiu | ||
| 942 | |n 1 | ||
| 952 | |0 0 |1 0 |4 0 |6 FU5144 |7 1 |9 52483 |a Arxiu |b Arxiu |d 2016-12-01 |l 0 |o FU-51-44 |p 19177 |r 2016-12-01 00:00:00 |w 2016-12-01 |y ARXIU | ||
| 999 | |c 56331 |d 56331 | ||